| 000 | 00614nam a2200217 a 4500 | ||
|---|---|---|---|
| 001 | BRCA_7206 | ||
| 005 | 20190320205741.0 | ||
| 008 | 160112s1945----ne-a######---#000-0#fre-# | ||
| 041 | _afre | ||
| 044 | _ane | ||
| 050 | 4 |
_aN7141 _b.M49 |
|
| 100 | 1 |
_aMeyer, Peter _917855 |
|
| 245 | 1 | 0 |
_aL´art en Suisse _bdepuis les origines jusqu´a nos jours _cPeter Meyer. |
| 260 |
_aZurich _bOffice Central Suisse du Tourisme _c[1945] |
||
| 300 |
_a103 p. _bil. (algunas a color), láminas _c18 cm. |
||
| 500 | _aP101 | ||
| 650 | 1 | 4 |
_aArte _zSuisa _917856 |
| 650 | 1 | 4 |
_aArte _xHistoria _917857 |
| 902 | _aGFM | ||
| 942 |
_2lcc _cB |
||
| 999 |
_c6887 _d6887 |
||